| 000 | 00555nam a22001817a 4500 | ||
|---|---|---|---|
| 005 | 20251108175305.0 | ||
| 008 | 250721s1990 xx 000 0 ara d | ||
| 082 | 1 | 4 | _a811.6009/خزر |
| 100 | 1 | _aالخزرجي، عبود | |
| 245 | 1 | 0 | _aديوان المتنبي مع فهارسه ومعانيه / |
| 264 | 1 |
_aبغداد : _bالمكتبة العالمية، _c1990. |
|
| 300 | _a522 ص. | ||
| 650 | 1 | 7 | _aالشعر العربي |
| 650 | 1 | 7 | _aالعصر العباسي |
| 650 | 1 | 7 | _aالنقد الأدبي |
| 942 |
_2ddc _cBK |
||
| 999 |
_c130669 _d130669 |
||